Willa Cather

Đã lưu trong:
Sonraí Bibleagrafaíochta
Príomhúdar: Willa Cather
Formáid: Leabhar
Teanga:Undetermined
Foilsithe: New York Literary Classics of the United States 1987
Ábhair:
Clibeanna: Cuir Clib Leis
Gan Chlibeanna, Bí ar an gcéad duine leis an taifead seo a chlibeáil!
Thư viện lưu trữ: Trung tâm Học liệu Trường Đại học Cần Thơ
LEADER 00472nam a2200169Ia 4500
001 CTU_13694
008 210402s9999 xx 000 0 und d
082 |a 813.52 
082 |b C363e 
100 |a Willa Cather 
245 0 |a Willa Cather 
260 |a New York 
260 |b Literary Classics of the United States 
260 |c 1987 
650 |a american fiction 
904 |i Nguyễn Quang Điền, 961212 
980 |a Trung tâm Học liệu Trường Đại học Cần Thơ